000 00863nam a22003017a 4500
001 BR0809296
003 BR-BrBNA
005 20230928102824.0
007 ta
008 230509b bl.||||| |||| 00| 0 por d
040 _aBR-BrBNA
_bpor
_cBiblioteca Nacional de Agricultura
041 _a(Por)
072 _aC30; U10
090 _ C30 BR0809296
100 1 _aVazquez, C.E.
100 1 _aSimões, G.S.
100 1 _aAlbert, R.M.
245 1 _aAnálise de pontos de função: medição, estimativas e gerenciamento de projetos de software
260 3 _aSão Paulo, SP (Brasil):
_bEditora Érica Ltda.,
_c2008.
300 _a232 p.
650 _aBASE DE DADOS
650 _aDOCUMENTAÇÃO
650 _aINFORMÁTICA
650 _aTECNOLOGIA DA INFORMAÇÃO
650 _aMODELO MATEMÁTICO
909 _a202309
_bLucia
_c55
_dLucia Elande
942 _cBK
999 _c72585
_d72585